| 000 | 00445nam a2200097Ia 4500 | ||
|---|---|---|---|
| 008 | 180130s9999 xx 000 0 und d | ||
| 245 |
_cPippal, Sanjeev Kumar; Kushwaha, Dharmender Singh _aA simple, adaptable and efficient heterogeneous multi-tenant database architecture for ad hoc cloud |
||
| 260 | _c2016 | ||
| 300 | _aBook title: Networking, models and methods of cloud computing--Acession number C20732; pages 71-84 | ||
| 650 | _aCLOUD COMPUTING | ||
| 999 |
_c353796 _d353796 |
||